000 00479nam a2200181Ia 4500
001 18021
005 20260306171600.0
008 260306s9999||||xx |||||||||||||| ||und||
041 _aESP
082 _a658.314
_bL45
100 _aPérez López, Juan Antonio
_eAUT
245 0 _aTeoría de la acción humana en las organizaciones:
_bla acción personal
260 _c1991
300 _a300 páginas :
_c20 cm.
650 _aGEN
654 _aCAN
942 _cLIB
_dJUS
_fJUS
_2ddc
_n
999 _c18021
_d18021